| 000 | 00697nam a2200265Ia 4500 | ||
|---|---|---|---|
| 001 | 3706 | ||
| 005 | 20240113233646.0 | ||
| 007 | ta | ||
| 008 | 050602s2001 a g b000 u hin u | ||
| 020 | _cPB | ||
| 040 | _aCotton College,Assam | ||
| 041 | _ahin | ||
| 082 |
_a891.433 _bYa 1 Ja |
||
| 100 | _aYadav, Rajendra . | ||
| 245 | 0 |
_aJahan Laxmi Kaid Hai / _cRajendra Yadav. _hTextual Documents |
|
| 250 | _a2nd ed. / | ||
| 260 |
_aNew Delhi : _bRadhakrishna Prakashan , _c2001. |
||
| 300 |
_a154p. : _bill. ; _c21cm . |
||
| 653 | _aHindi Short Stories | ||
| 653 | _aShort Stories-Hindi | ||
| 653 | _aGen-Hindi | ||
| 942 |
_2ddc _cBK |
||
| 999 |
_c3694 _d3694 |
||